| 000 | 00478nam a2200133Ia 4500 | ||
|---|---|---|---|
| 008 | 170516s9999 xx 000 0 und d | ||
| 245 | _a Incidental right Bochdalek hernia with interruption of the inferior vena cava and hepatic venous collateral continuation: A | ||
| 260 | _bSouth African Journal of Radiology | ||
| 260 | _c2014 | ||
| 300 | _a18:1 | ||
| 650 | _xRadiologic Technology | ||
| 650 | _xRadtech | ||
| 856 | _uhttp://www.sajr.org.za/index.php/sajr/issue/view/50 | ||
| 999 |
_c332043 _d332043 |
||